Statistiques concernant Nommez une Ville dans chaque Pays d'Europe - Sans les capitales

Cliquez ici pour prendre le quiz!

Statistiques générales

  • Ce quiz a été pris 20 839 fois
  • Le résultat moyen est 16 sur 43

Réponses sur la Carte

Les réponses sont colorées sur une échelle allant du rouge au vert en fonction du pourcentage des utilisateurs qui les ont devinées à leur premier essai. Vous pouvez retrouver ces pourcentages ci-dessous.
 

Statistiques - réponses

PaysCities% Correct
FranceMarseille | Lyon | Toulouse | Nice | Nantes | Montpellier | Strasbourg | Bordeaux
99%
EspagneBarcelone | Valence | Séville | Saragosse | Malaga | Murcie | Palma | Las Palmas
96%
ItalieMilan | Naples | Turin | Palerme | Gênes | Bologne | Florence | Bari
94%
Royaume-UniBirmingham | Glasgow | Liverpool | Bristol | Manchester | Sheffield | Leeds | Édimbourg
91%
AllemagneHambourg | Munich | Cologne | Francfort | Stuttgart | Düsseldorf | Leipzig | Dortmund
91%
PortugalPorto | Vila Nova de Gaia | Amadora | Braga | Funchal | Coïmbre | Setúbal | Almada
85%
SuisseZurich | Genève | Bâle | Lausanne | Winterthour | Lucerne | Saint-Gall | Lugano
85%
BelgiqueAnvers | Gand | Charleroi | Liège | Schaerbeek | Anderlecht | Bruges | Namur
81%
MonténégroNikšić | Pljevlja | Cetinje | Bar | Budva | Bijelo Polje | Berane | Herceg Novi
78%
Russie (dont Sibérie)Saint-Pétersbourg | Novossibirsk | Iekaterinbourg | Kazan | Nijni Novgorod | Tcheliabinsk | Samara | Omsk
76%
Pays-BasRotterdam | La Haye | Utrecht | Eindhoven | Groningue | Tilbourg | Almere | Bréda
74%
PologneCracovie | Łódź | Wrocław | Poznań | Gdańsk | Szczecin | Bydgoszcz | Lublin
57%
UkraineKharkiv | Odessa | Dnipro | Donetsk | Zaporijjia | Lviv | Kryvyï Rih | Mykolaïv
53%
SuèdeGöteborg | Malmö | Uppsala | Linköping | Örebro | Västerås | Helsingborg | Norrköping
48%
AutricheGraz | Linz | Salzbourg | Innsbruck | Klagenfurt | Villach | Wels | Sankt Pölten
46%
GrèceThessalonique | Patras | Le Pirée | Larissa | Héraklion | Peristéri | Acharnes
42%
IrlandeCork | Galway | Limerick | Waterford | Dundalk | Drogheda | Navan | Bray
39%
CroatieSplit | Rijeka | Osijek | Zadar | Pula | Sesvete | Slavonski Brod | Karlovac
37%
NorvègeBergen | Trondheim | Stavanger | Bærum | Kristiansand | Drammen | Asker | Lillestrøm
28%
RoumanieCluj-Napoca | Timișoara | Iași | Constanța | Craiova | Brașov | Galați | Ploiești
23%
DanemarkAarhus | Odense | Aalborg | Esbjerg | Randers | Kolding | Horsens | Vejle
22%
République tchèqueBrno | Ostrava | Pilsen | Liberec | Olomouc | České Budějovice | Hradec Králové | Ústí nad Labem
22%
FinlandeEspoo | Tampere | Vantaa | Oulu | Turku | Jyväskylä | Lahti | Kuopio
18%
BiélorussieHomiel | Vitsiebsk | Mahiliow | Hrodna | Brest | Babrouïsk | Baranavitchy | Baryssaw
18%
LituanieKaunas | Klaipėda | Šiauliai | Panevėžys | Alytus | Marijampolė | Mažeikiai | Jonava
17%
LuxembourgEsch-sur-Alzette | Differdange | Dudelange | Pétange | Sanem | Hesperange | Bettembourg | Schifflange
15%
BulgariePlovdiv | Varna | Bourgas | Roussé | Stara Zagora | Pleven | Sliven | Dobritch
14%
SlovénieMaribor | Kranj | Celje | Koper | Velenje | Novo Mesto | Ptuj | Kamnik
13%
MoldavieTiraspol | Bălți | Tighina | Rîbnița | Ungheni | Cahul | Dubăsari | Soroca
13%
SerbieNovi Sad | Niš | Kragujevac | Subotica | Zrenjanin | Pančevo | Čačak | Novi Pazar
12%
Bosnie-HerzégovineBanja Luka | Tuzla | Zenica | Mostar | Bijeljina | Brčko | Bihać | Prijedor
11%
HongrieDebrecen | Szeged | Miskolc | Pécs | Győr | Nyíregyháza | Kecskemét | Székesfehérvár
11%
MalteSan Pawl il-Baħar | Birkirkara | Tas-Sliema | Il-Mosta | Ħal-Qormi | Ħaż-Żabbar | In-Naxxar | San Ġwann
11%
AlbanieDurrës | Vlora | Elbasan | Shkodra | Fier | Korça | Berat | Lushnja
10%
SlovaquieKošice | Prešov | Žilina | Banská Bystrica | Nitra | Trnava | Trenčín | Martin
10%
EstonieTartu | Narva | Pärnu | Kohtla-Järve | Viljandi | Maardu | Rakvere | Kuressaare
10%
AndorreEscaldes | Sant Julià | Encamp | La Massana | Santa Coloma | Ordino | Canillo | Le Pas de la Case
9%
IslandeKeflavík | Akureyri | Selfoss | Akranes | Vestmannaeyjar | Grindavík | Hveragerði | Ísafjörður
9%
LettonieDaugavpils | Liepāja | Jelgava | Jūrmala | Ventspils | Rēzekne | Ogre | Valmiera
8%
KosovoPrizren | Gjilan | Pejë | Mitrovica | Ferizaj | Gjakova | Vushtrri | Podujevë
8%
Macédoine du NordKoumanovo | Bitola | Prilep | Tetovo | Chtip | Vélès | Ohrid | Stroumitsa
7%
LiechtensteinSchaan | Triesen | Balzers | Eschen | Mauren | Triesenberg | Ruggell | Gamprin
6%
Saint-MarinSerravalle | Borgo Maggiore | Domagnano | Fiorentino | Acquaviva | Faetano | Chiesanuova | Montegiardino
5%

Distribution des résultats

Percentile par nombre de réponses

% des personnes avec chaque résultat

Votre développement - résultats

Vous n’avez pas pris ce quiz